| 000 | 01030naa a2200301 c 4500 | ||
|---|---|---|---|
| 001 | 29966 | ||
| 003 | ES-MaCES | ||
| 005 | 19981124154100.0 | ||
| 008 | 960703n1996 sp ||| | spa d | ||
| 035 | _aCES19980039125v | ||
| 040 |
_aES-MaCES _bspa _cES-MaCES |
||
| 100 | 1 |
_aCamps Ruiz, Luis Miguel _98856 |
|
| 245 | 1 | 0 |
_aArrendamiento de vivienda y contrato de trabajo _cLuis Miguel Camps Ruiz |
| 650 | 4 |
_acomentario _928971 |
|
| 650 | 4 |
_alegislación _927153 |
|
| 650 | 4 |
_aEspaña _926964 |
|
| 650 | 4 |
_arégimen jurídico _929894 |
|
| 650 | 4 |
_aprestaciones no salariales _928381 |
|
| 650 | 4 |
_acontrato de trabajo _928316 |
|
| 650 | 4 |
_acondiciones de empleo _930040 |
|
| 650 | 4 |
_avivienda de los trabajadores _929852 |
|
| 650 | 4 |
_aarrendamiento _927509 |
|
| 653 | 1 | 0 | _aRelaciones laborales-Empleo |
| 773 | 0 |
_tActualidad laboral _gLas Rozas, Madrid. - 1996, n. 10 (4-10 marzo) ; p. 259-275 _w(ES-MaCES)25022 |
|
| 902 | _aART Artículo de revista | ||
| 942 |
_2CES _cAR _h2.0. |
||
| 999 |
_c29966 _d29966 |
||